000 00385nam a22001697a 4500
005 20160618124259.0
008 160618b xxu||||| |||| 00| 0 eng d
020 _a0-07-847441-9
041 _aeng
082 _b8127
100 _aSinghal, Sanjeev
_92211
245 _aInternet banking the second wave
260 _bTMH
300 _a174
650 _aManagement
_9241
942 _cBK
999 _c3094
_d3093